Doña perfecta
Saved in:
| Hovedforfatter: | |
|---|---|
| Format: | Bog |
| Sprog: | spansk |
| Udgivet: |
Buenos Aires
Losada
1947
|
| Udgivelse: | 2a. ed |
| Serier: | Biblioteca contemporánea, 102
|
| Fag: | |
| Tags: |
Tilføj Tag
Ingen Tags, Vær først til at tagge denne postø!
|
MARC
| LEADER | 00000nam a2200000 a 4500 | ||
|---|---|---|---|
| 001 | UCX3576 | ||
| 003 | CL-VaPUC | ||
| 008 | 911115e19470000AG |||||||||||||||||spa|d | ||
| 082 | 0 | 4 | |a 863 |b PER |2 21 |
| 100 | 0 | |a Pérez Galdós, Benito |e author |9 318144 | |
| 245 | 1 | 0 | |a Doña perfecta |
| 250 | |a 2a. ed | ||
| 300 | |a 187 p | ||
| 942 | |c BK | ||
| 945 | |d 19911115 00:00:00 | ||
| 260 | |a Buenos Aires |b Losada |c 1947 | ||
| 650 | 0 | |a Novelas españolas |9 265052 | |
| 583 | |a last modification |c 19911115 00:00:00 |k Rodrigo Vera | ||
| 490 | 0 | |a Biblioteca contemporánea, 102 | |
| 999 | |c 224295 |d 224293 | ||
| 952 | |0 0 |1 0 |4 0 |6 863_000000000000000_PER_1947 |7 0 |8 R |9 220836 |a BIBEDU |b BIBEDU |c MCIRC |d 2019-11-15 |i 2895781 |o 863 PER 1947 |p 2895781 |r 2023-01-13 |w 2019-11-15 |y BK_R |k LIT | ||